[Event "SVK-chT2D 2324"]
[Site "Slovakia"]
[Date "2024.01.14"]
[Round "7.5"]
[White "Foglar, Ivan"]
[Black "Drozdik, Ivan"]
[Result "1/2-1/2"]
[WhiteElo "1977"]
[BlackElo "1999"]
[PlyCount "22"]
[EventDate "2023.10.07"]
[EventType "team-tourn"]
[EventRounds "11"]
[EventCountry "SVK"]
[SourceTitle "EXT 2025"]
[Source "ChessBase"]
[SourceDate "2024.10.14"]
[SourceVersion "1"]
[SourceVersionDate "2024.10.14"]
[SourceQuality "1"]
[WhiteTeam "Margecany"]
[BlackTeam "Poprad LS VD"]
[WhiteTeamCountry "SVK"]
[BlackTeamCountry "SVK"]

1. e4 e5 2. Nf3 Nc6 3. d4 exd4 4. Bc4 Be7 5. Nxd4 Bf6 6. c3 Nge7 7. Bf4 d6 8. 0-0 0-0 9. Re1 Ng6 10. Bg3 Re8 11. Na3 Nxd4 1/2-1/2

[Event "SVK-chT2D 2324"]
[Site "Slovakia"]
[Date "2023.12.02"]
[Round "5.7"]
[White "Drozdik, Ivan"]
[Black "Ludrovsky, Simon"]
[Result "1-0"]
[WhiteElo "1999"]
[BlackElo "1493"]
[PlyCount "39"]
[EventDate "2023.10.07"]
[EventType "team-tourn"]
[EventRounds "11"]
[EventCountry "SVK"]
[SourceTitle "EXT 2025"]
[Source "ChessBase"]
[SourceDate "2024.10.14"]
[SourceVersion "1"]
[SourceVersionDate "2024.10.14"]
[SourceQuality "1"]
[WhiteTeam "Poprad LS VD"]
[BlackTeam "Gelnica Slovan"]
[WhiteTeamCountry "SVK"]
[BlackTeamCountry "SVK"]

1. e4 c5 2. Nf3 Nc6 3. Bb5 g6 4. Bxc6 bxc6 5. 0-0 Bg7 6. Re1 Nf6 7. e5 Nd5 8. c4 Nc7 9. d4 cxd4 10. Qxd4 Ne6 11. Qh4 Rb8 12. Nc3 d6 13. exd6 Qxd6 14. Ne4 Qb4 15. a3 Qa5 16. Bh6 0-0 17. Bxg7 Nxg7 18. Qxe7 Rxb2 19. Nf6+ Kh8 20. Qxf8# 1-0

[Event "SVK-chT2D 1920"]
[Site "Slovakia"]
[Date "2020.02.15"]
[Round "8.7"]
[White "Drozdik, Ivan"]
[Black "Sabol, Jan"]
[Result "1-0"]
[WhiteElo "1892"]
[BlackElo "1878"]
[PlyCount "75"]
[EventDate "2019.10.26"]
[EventType "team-tourn"]
[EventRounds "11"]
[EventCountry "SVK"]
[SourceTitle "CBM 195 Extra"]
[Source "ChessBase"]
[SourceDate "2020.05.31"]
[SourceVersion "1"]
[SourceVersionDate "2020.05.31"]
[SourceQuality "1"]
[WhiteTeam "Poprad LS VD"]
[BlackTeam "Presov Slavia PU"]
[WhiteTeamCountry "SVK"]
[BlackTeamCountry "SVK"]

1. e4 d6 2. d4 Nf6 3. Nc3 g6 4. Nf3 Bg7 5. Bc4 0-0 6. 0-0 c6 7. a4 Bg4 8. h3 Bxf3 9. Qxf3 Nbd7 10. Rd1 Qc7 11. Be3 Rad8 12. Bb3 a5 13. Qg3 Nh5 14. Qf3 e5 15. d5 Kh8 16. g3 Nhf6 17. Rd3 Ng8 18. g4 Ne7 19. dxc6 bxc6 20. Rad1 Nb8 21. h4 f5 22. Qh3 f4 23. Bc1 Na6 24. R3d2 Nc5 25. Bc4 h6 26. b3 Nc8 27. Ba3 Qe7 28. g5 Kh7 29. Bxc5 dxc5 30. Rd7 Rxd7 31. Rxd7 Qe8 32. Rc7 Nd6 33. Be6 f3 34. gxh6 Kxh6 35. Qg4 Bf6 36. Bd7 Qd8 37. Rxc6 Qe7 38. Nd5 1-0